Проектирование системы визуализации экспериментальных данных ТОКАМАКА КТМ; Известия Томского политехнического университета [Известия ТПУ]; Т. 312, № 5 : Управление, вычислительная техника и информатика

Manylion Llyfryddiaeth
Parent link:Известия Томского политехнического университета [Известия ТПУ]/ Томский политехнический университет (ТПУ).— , 2000-
Т. 312, № 5 : Управление, вычислительная техника и информатика.— 2008.— [С. 137-141]
Awduron Eraill: Мезенцев А. А. Антон Алексеевич, Павлов В. М. Вадим Михайлович, Байструков К. И. Константин Иванович, Шарнин А. В. Александр Викторович
Crynodeb:Заглавие с титульного листа
Электронная версия печатной публикации
Рассмотрен вопрос проектирования системы визуализации экспериментальных данных для установки по управляемому термоядерному синтезу КТМ, которая разрабатывается для проведения исследований по воздействию высокотемпературной плазмы на различные материалы, располагаемые в диверторной области. Проанализированы технические решения систем визуализации на пультах управления установок JT-60, HL-2A и принципы построения видеосистем с множественным доступом. В статье представлено техническое решение проекта системы визуализации экспериментальных данных, которое построено на основе 12 жидкокристаллических дисплеев с диагональю 46'' и специальным видеоконтроллером, который подключается к системной шине PCI Express ПЭВМ.
Iaith:Rwseg
Cyhoeddwyd: 2008
Cyfres:Управление, вычислительная техника и информатика
Pynciau:
Mynediad Ar-lein:http://www.lib.tpu.ru/fulltext/v/Bulletin_TPU/2008/v312/i5/29.pdf
Fformat: MixedMaterials Electronig Pennod Llyfr
KOHA link:https://koha.lib.tpu.ru/cgi-bin/koha/opac-detail.pl?biblionumber=173289

MARC

LEADER 00000nla2a2200000 4500
001 173289
005 20240110094313.0
035 |a (RuTPU)RU\TPU\book\187949 
035 |a RU\TPU\book\187947 
090 |a 173289 
100 |a 20091222d2008 k y0rusy50 ca 
101 0 |a rus 
102 |a RU 
135 |a drnn ---uucaa 
181 0 |a i  
182 0 |a b 
200 1 |a Проектирование системы визуализации экспериментальных данных ТОКАМАКА КТМ  |f А. А. Мезенцев [и др.] 
203 |a Текст  |c электронный 
215 |a 1 файл (655 Кб) 
225 1 |a Управление, вычислительная техника и информатика 
300 |a Заглавие с титульного листа 
300 |a Электронная версия печатной публикации 
320 |a [Библиогр.: с. 141 (5 назв.)] 
330 |a Рассмотрен вопрос проектирования системы визуализации экспериментальных данных для установки по управляемому термоядерному синтезу КТМ, которая разрабатывается для проведения исследований по воздействию высокотемпературной плазмы на различные материалы, располагаемые в диверторной области. Проанализированы технические решения систем визуализации на пультах управления установок JT-60, HL-2A и принципы построения видеосистем с множественным доступом. В статье представлено техническое решение проекта системы визуализации экспериментальных данных, которое построено на основе 12 жидкокристаллических дисплеев с диагональю 46'' и специальным видеоконтроллером, который подключается к системной шине PCI Express ПЭВМ. 
337 |a Adobe Reader 
461 1 |0 (RuTPU)RU\TPU\book\176237  |t Известия Томского политехнического университета [Известия ТПУ]  |f Томский политехнический университет (ТПУ)  |d 2000- 
463 1 |0 (RuTPU)RU\TPU\book\187914  |x 1684-8519  |t Т. 312, № 5 : Управление, вычислительная техника и информатика  |v [С. 137-141]  |d 2008  |p 164 с. 
610 1 |a системы визуализации 
610 1 |a экспериментальные данные 
610 1 |a установки 
610 1 |a термоядерный синтез 
610 1 |a исследования 
610 1 |a высокотемпературная плазма 
610 1 |a материалы 
610 1 |a пульты управления 
610 1 |a жидкокристаллические дисплеи 
610 1 |a видеоконтроллеры 
610 1 |a труды учёных ТПУ 
610 1 |a электронный ресурс 
701 1 |a Мезенцев  |b А. А.  |c специалист в области автоматики и электроники  |c доцент Томского политехнического университета, кандидат технических наук  |f 1984-  |g Антон Алексеевич  |3 (RuTPU)RU\TPU\pers\25736  |9 11638 
701 1 |a Павлов  |b В. М.  |c специалист в области автоматики и электроники  |c доцент Томского политехнического университета, кандидат технических наук  |f 1965-  |g Вадим Михайлович  |3 (RuTPU)RU\TPU\pers\25738  |9 11640 
701 1 |a Байструков  |b К. И.  |c физик  |c старший преподаватель Томского политехнического университета  |f 1966-  |g Константин Иванович  |3 (RuTPU)RU\TPU\pers\27825 
701 1 |a Шарнин  |b А. В.  |c российский ученый, специалист в области автоматики физических установок  |c младший научный сотрудник Томского политехнического университета  |f 1976-  |g Александр Викторович  |3 (RuTPU)RU\TPU\pers\25743 
801 1 |a RU  |b 63413507  |c 20090623  |g PSBO 
801 2 |a RU  |b 63413507  |c 20211207  |g PSBO 
856 4 |u http://www.lib.tpu.ru/fulltext/v/Bulletin_TPU/2008/v312/i5/29.pdf 
942 |c CF